000 00294nam a22001337a 4500
008 181011b xxu||||| |||| 00| 0 eng d
020 _a9780763726607
041 _aeng
080 _22nd
_a336
100 _a56
101 _aFIN
245 _aHealth Care Finance
_cBaker,J.J
942 _2udc
_cBK
999 _c49420
_d49420